[Event "BL Meisterschaftsturnier 2020"]
[Site "Karlsruhe"]
[Date "2020.09.17"]
[Round "2.6"]
[White "Keymer, Vincent"]
[Black "Werle, Jan"]
[Result "1-0"]
[WhiteElo "2568"]
[BlackElo "2580"]
[Annotator "TA"]
[PlyCount "43"]
[EventDate "2020.09.16"]
[EventType "team-tourn"]
[EventCountry "GER"]
[SourceTitle "playchess.com"]
[Source "ChessBase"]
[SourceQuality "1"]
[WhiteTeam "Deizisau"]
[BlackTeam "Werder Bremen"]

{[%evp 12,43,14,8,17,20,41,48,45,43,46,31,50,47,50,43,47,43,46,22,21,26,39,36,162,170,239,226,199,197,231,237,237,222]} 1. d4 Nf6 2. c4 e6 3. Nf3 d5 4. Nc3 Bb4 5. Qa4+ Nc6 6. e3 O-O 7. Bd2 {7.Qc2 is more fashionable.} Re8 {D38: Queen's Gambit Declined: Ragozin Defence (4 Nf3 Bb4).} 8. a3 Bd6 9. c5 Bf8 {White is slightly better.} 10. Bb5 $1 Bd7 11. Qc2 a6 12. Bxc6 Bxc6 13. Ne5 Nd7 {White must now prevent ...Nxe5.} 14. Nxc6 bxc6 15. f4 Qh4+ 16. g3 {[#]} Qg4 $146 ({Predecessor:} 16... Qh5 17. O-O Nf6 18. Nd1 a5 19. a4 Ne4 20. Nf2 Qf5 21. Nxe4 Qxe4 22. Qxe4 dxe4 {1-0 (45) Girya,O (2462)-Kashlinskaya,A (2440) Satka 2018}) 17. Qa4 $36 {[%mdl 2048] Black is under pressure.} e5 {This costs Black the game.} (17... Nf6 $14) 18. fxe5 $18 {White is clearly better.} f6 (18... Re6 $142 19. Qa5 Ra7) 19. Qxc6 {[%mdl 64] [#] Double Attack} fxe5 20. O-O exd4 21. Qxd5+ Kh8 {[#]} 22. Rf4 $1 {Accuracy: White = 100%, Black = 62%.} ({Not} 22. exd4 c6 $14) 1-0

[Event "BL Meisterschaftsturnier 2020"]
[Site "Karlsruhe"]
[Date "2020.09.17"]
[Round "2.6"]
[White "Lamby, Philipp"]
[Black "Wegerle, Joerg"]
[Result "1/2-1/2"]
[WhiteElo "2130"]
[BlackElo "2401"]
[Annotator "TA"]
[PlyCount "62"]
[EventDate "2020.09.16"]
[EventType "team-tourn"]
[EventCountry "GER"]
[SourceTitle "playchess.com"]
[Source "ChessBase"]
[SourceQuality "1"]
[WhiteTeam "Aachen"]
[BlackTeam "Solingen"]

{[%evp 13,62,22,46,0,0,0,5,-7,0,-8,-5,-5,0,0,0,-6,0,-5,-3,-4,-4,-7,-1,-8,0,-4,0,0,11,-5,-11,-5,-5,-8,-4,-33,-37,-37,0,-2,-2,-2,-2,-2,0,-3,0,0,0,0,0]} 1. d4 d5 2. c4 c6 3. Nf3 Nf6 4. e3 g6 5. Nc3 Bg7 6. Bd3 O-O 7. O-O Bf5 8. cxd5 {Threatening e4. D94: Grünfeld: 4 Nf3 Bg7 5 e3.} Bxd3 9. Qxd3 cxd5 10. Bd2 Nc6 11. Rfc1 {[#]} e6 $146 ({Predecessor:} 11... Rc8 12. Na4 Ne4 13. Nc5 Nxc5 14. Rxc5 Qd7 15. Rac1 Rfd8 16. b4 e6 17. b5 Ne7 {1-0 (48) Tobares,L (2203)-Cejas,J (2352) Rio Tercero 2012}) 12. Na4 Ne4 13. Nc5 Nxc5 14. Rxc5 Qb6 15. Rb5 Qa6 16. Rb3 Qxd3 17. Rxd3 Rfc8 18. Rb3 Rc7 19. Rc1 Rac8 {Black wants to play ...Nxd4.} 20. Rbc3 Bf8 21. R3c2 Bd6 22. Ne1 f6 23. Nd3 b6 24. Bb4 Nxb4 25. Nxb4 Rc4 (25... Rxc2 {is interesting.} 26. Rxc2 Rc4 27. Rxc4 dxc4 28. Nc2 b5) 26. b3 {The position is equal.} Rxc2 27. Rxc2 Rxc2 28. Nxc2 Kf7 29. Kf1 h5 ({Much worse is} 29... Bxh2 $6 30. g3 $16) 30. h3 g5 31. g4 hxg4 {Accuracy: White = 88%, Black = 95%.} 1/2-1/2

[Event "BL Meisterschaftsturnier 2020"]
[Site "Karlsruhe"]
[Date "2020.09.17"]
[Round "2.7"]
[White "Kreisl, Robert"]
[Black "Jablonowski, Christoph"]
[Result "1/2-1/2"]
[WhiteElo "2401"]
[BlackElo "1969"]
[Annotator "TA"]
[PlyCount "49"]
[EventDate "2020.09.16"]
[EventType "team-tourn"]
[EventCountry "GER"]
[SourceTitle "playchess.com"]
[Source "ChessBase"]
[SourceQuality "1"]
[WhiteTeam "Solingen"]
[BlackTeam "Aachen"]

{[%evp 9,49,0,0,0,-4,0,12,8,35,14,31,-26,-20,-30,-20,-22,0,-37,9,-50,-45,-34,-34,-52,-45,-87,-67,-118,-118,-142,-142,-153,-140,-124,-131,-124,0,-123,0,-123,0,-123]} 1. d4 Nf6 2. Bf4 g6 3. Nc3 d5 4. e3 Bg7 5. Nb5 Na6 6. Nf3 {A45: Trompowsky Attack.} c6 7. Nc3 Qa5 8. Nd2 Nb8 {[%cal Ba6b8,Bb8d7,Bd7e5][%mdl 32]} 9. Be2 O-O 10. h4 (10. h3 $14) 10... h5 $11 {[#]} 11. Nb3 $146 ({Predecessor:} 11. Rb1 Nbd7 12. b4 Qd8 13. e4 dxe4 14. Ndxe4 Nxe4 15. Nxe4 Nb6 16. c3 Bf5 17. Bf3 Nd5 18. Qd2 Nxf4 19. Qxf4 {0-1 (60) Manush,S (2405)-Raahul,V (2252) Dubai 2019}) 11... Qd8 12. f3 Nbd7 13. Qd2 b5 14. a3 ({Better is} 14. a4 $11) 14... Re8 15. e4 e5 16. dxe5 Nxe5 17. Bg5 Qb6 18. Be3 ({White should play} 18. O-O-O $1 $15) 18... Qc7 $17 19. Bf4 {[%cal Re4d5]} dxe4 20. Nxe4 Nxe4 21. fxe4 Qe7 {[#] And now ...Nc4 would win.} 22. Bg5 Qc7 23. Bf4 Qe7 24. Bg5 $1 {[%cal Rg5e7]} Qc7 {Threatens to win with ...Nc4.} 25. Bf4 {Accuracy: White = 73%, Black = 88%.} 1/2-1/2

[Event "BL Meisterschaftsturnier 2020"]
[Site "Karlsruhe"]
[Date "2020.09.17"]
[Round "2.7"]
[White "Reuker, Jari"]
[Black "Lagarde, Maxime"]
[Result "0-1"]
[WhiteElo "2401"]
[BlackElo "2657"]
[Annotator "TA"]
[PlyCount "81"]
[EventDate "2020.09.16"]
[EventType "team-tourn"]
[EventCountry "GER"]
[SourceTitle "playchess.com"]
[Source "ChessBase"]
[SourceQuality "1"]
[WhiteTeam "Werder Bremen"]
[BlackTeam "Deizisau"]

{[%evp 9,81,32,23,24,29,17,25,16,11,15,8,8,31,27,32,44,40,46,34,44,32,32,38,41,33,30,33,14,56,54,62,57,72,62,53,4,19,16,11,0,0,0,-6,-24,-22,-63,-68,-81,-81,-81,-81,-81,-81,-81,-81,-141,-128,-847,-843,-834,-843,-802,-804,-940,-927,-5608,-5412,-2169,-1052,-29986,-29987,-29986,-29986,-29992]} 1. Nf3 f5 2. d3 Nc6 3. d4 e6 4. g3 Nf6 5. Bg2 Be7 6. c4 {A04: Unusual lines after 1 Nf3 and King's Indian Attack.} O-O 7. O-O d6 8. Nc3 {White has an edge.} Ne4 9. Qc2 Nxc3 10. Qxc3 Bf6 {[#]} 11. b4 $146 {[%cal Bb2b4,Bb4b5][%mdl 32]} ({Predecessor:} 11. Rd1 Qe7 12. Qb3 e5 13. d5 Nd8 14. c5 Nf7 15. cxd6 cxd6 16. Bd2 g5 17. Rac1 {1-0 (69) Hayrapetyan,A (2346)-Sandipan,C (2570) Yerevan 2017}) 11... e5 {Hoping for ...e4.} 12. b5 Nxd4 13. Nxd4 exd4 14. Qd3 Rb8 15. Bb2 Be6 16. Bxd4 Bxd4 17. Qxd4 Qf6 18. Rfd1 f4 19. Rac1 b6 20. Qxf6 Rxf6 21. Rd3 Rf5 22. Ra3 fxg3 23. hxg3 Rc5 24. Rac3 g5 25. Kf1 Kg7 26. e3 h5 27. Ke2 Rh8 28. Kd3 h4 29. gxh4 gxh4 30. f4 h3 31. Bf3 h2 32. R3c2 (32. Rh1 $142) 32... Rh3 {aiming for ...Bf5+.} 33. Bh1 $2 {[%mdl 8192] White does not recover from this.} (33. Be4 $17) 33... Bf5+ $19 {[%mdl 64] Skewer} 34. Kd4 Bxc2 35. Rxc2 {[%mdl 4096] Endgame [#] KRR-KRB} d5 $1 36. Rg2+ (36. cxd5 Rxc2) 36... Kf6 37. Rg8 Rxc4+ 38. Kxd5 Rc1 (38... Rc5+ $142 39. Kd4 Rxb5 40. Rf8+ Ke7) 39. Bg2 {[#]} Rg1 $1 40. Rf8+ {[#]} Kg7 $1 41. Kd4 {Accuracy: White = 66%, Black = 90%.} 0-1

[Event "BL Meisterschaftsturnier 2020"]
[Site "Karlsruhe"]
[Date "2020.09.17"]
[Round "2.8"]
[White "Kozul, Zdenko"]
[Black "Wachinger, Nikolas"]
[Result "1-0"]
[WhiteElo "2597"]
[BlackElo "2304"]
[Annotator "TA"]
[PlyCount "75"]
[EventDate "2020.09.16"]
[EventType "team-tourn"]
[EventCountry "GER"]
[SourceTitle "playchess.com"]
[Source "ChessBase"]
[SourceQuality "1"]
[WhiteTeam "Deizisau"]
[BlackTeam "Werder Bremen"]

{[%evp 16,75,27,37,13,14,13,5,17,0,0,0,0,8,8,0,0,0,10,8,8,0,8,9,12,10,12,8,11,20,12,4,11,0,8,14,18,11,11,12,16,0,12,8,16,7,237,255,223,230,746,745,710,716,884,862,1966,1943,4224,2093,2125,2024]} 1. d4 Nf6 2. Nf3 d5 3. c4 e6 4. Nc3 Bb4 5. Bg5 h6 6. Bxf6 Qxf6 7. e3 O-O 8. Rc1 dxc4 9. Bxc4 c5 {D38: Queen's Gambit Declined: Ragozin Defence (4 Nf3 Bb4).} 10. dxc5 Nd7 11. O-O Nxc5 {The position is equal.} 12. Nb5 {aiming for a3.} a6 13. Nbd4 {Strongly threatening a3.} Ba5 14. Be2 Bb6 15. b4 Nd7 16. Qc2 Rd8 17. Nb3 Qe7 18. a3 Nf6 19. Ne5 Bd7 20. Nxd7 Rxd7 21. Bf3 a5 {[#]} 22. Nxa5 $146 ({Predecessor:} 22. bxa5 Bxa5 23. Nxa5 Rxa5 24. a4 b6 25. Qb3 Rd8 26. h3 Rb8 27. Rfd1 Rc5 28. Rxc5 Qxc5 29. Rb1 Nd7 30. Rd1 {½-½ (30) Volodarsky,Y (2379)-Pundak,M (2333) ICCF email 2018}) 22... Bxa5 23. Qa4 {[%mdl 64] [#] Pin} Qd8 {And now ...Bb6 would win.} 24. bxa5 Rxa5 25. Qb3 Nd5 26. Rc4 {[%cal Bc1c4,Bc4d4,Bd4d5][%mdl 32]} Rc7 27. Rd4 Qe7 28. a4 {[%cal Rf3d5]} Rc3 29. Qd1 {[%cal Rf3d5]} Qc5 30. h4 b5 $2 {Loses the game.} (30... Ra3 $11 {and Black has nothing to worry.}) 31. Bxd5 $18 exd5 32. Rxd5 Qc6 $2 (32... Qb6 33. Rd6 Qc7) 33. Rd8+ {White is clearly winning.} Kh7 34. Qb1+ g6 {[#]} 35. Qb4 $1 {[%cal Rb4f8] White wants to mate with Qf8.} Rc1 36. Qxa5 Rxf1+ 37. Kxf1 Qc4+ 38. Ke1 {Accuracy: White = 100%, Black = 70%.} 1-0

[Event "BL Meisterschaftsturnier 2020"]
[Site "Karlsruhe"]
[Date "2020.09.17"]
[Round "2.8"]
[White "Rache, Ralf"]
[Black "Halvax, Georg"]
[Result "0-1"]
[WhiteElo "1889"]
[BlackElo "2402"]
[Annotator "TA"]
[PlyCount "62"]
[EventDate "2020.09.16"]
[EventType "team-tourn"]
[EventCountry "GER"]
[SourceTitle "playchess.com"]
[Source "ChessBase"]
[SourceQuality "1"]
[WhiteTeam "Aachen"]
[BlackTeam "Solingen"]

{[%evp 21,62,48,64,46,46,0,0,0,0,0,105,95,105,90,101,-69,-78,-186,-170,-311,-342,-324,-237,-254,-246,-223,-182,-271,-260,-310,-252,-329,-344,-356,-356,-465,-464,-469,-450,-727,-726,-580,-456]} 1. e4 c5 2. Nf3 Nc6 3. d4 cxd4 4. Nxd4 g6 5. Nc3 Bg7 6. Be3 Nf6 7. Bc4 O-O 8. Bb3 a6 9. f3 Qc7 10. Qd2 b5 11. O-O-O Bb7 12. h4 {B35: Sicilian: Accelerated Dragon with 5 Nc3: main line.} h5 {[#] 12...Rac8 is vanishing.} 13. Nd5 $146 ({Predecessor:} 13. Kb1 Na5 14. Bh6 b4 15. Nd5 Nxb3 16. axb3 Bxd5 17. exd5 Qd6 18. g4 Qxd5 19. Bxg7 Kxg7 20. Nf5+ gxf5 21. Qg5+ {1-0 (21) Lagarde,M (2586)-Edouard,R (2613) chess.com INT 2018}) 13... Nxd5 14. exd5 {The position is equal.} Ne5 15. Bh6 Qd6 (15... Nd3+ $11 16. Kb1 Bxh6 17. Qxh6 Qf4 18. Qxf4 Nxf4) 16. Bxg7 Kxg7 17. g4 Rh8 18. Rdg1 $2 ({White should play} 18. Rhe1 $16) 18... Rac8 $1 $15 19. Qg2 {[#]} (19. Rd1 $17 {is a better defense.}) 19... Qf6 $1 $19 20. Qg3 (20. Qd2 $142) 20... Nd3+ $1 21. Kb1 Qxd4 {[%csl Gd3][%cal Rd4b2]} 22. cxd3 Bxd5 23. Bxd5 {Threatens to win with Bb7.} Qxd5 24. d4 (24. Rd1 $142) 24... d6 (24... Qxd4 25. Rd1 $19) 25. Re1 e6 ({Much less strong is} 25... Qxd4 26. Rxe7 Rc4 27. Ka1 $19) 26. Qf4 Rc4 ({Not} 26... hxg4 27. fxg4 g5 28. Qf2 $17) 27. Rd1 e5 28. Qg3 Rxd4 {Black is clearly winning.} 29. Rxd4 Qxd4 ({Weaker is} 29... exd4 30. Rd1 $19) 30. Rc1 (30. Ka1 $142) 30... Qd3+ 31. Ka1 {[#]} Rc8 $1 {[%mdl 576] Back Rank. Accuracy: White = 32%, Black = 82%.} 0-1

[Event "BL Meisterschaftsturnier 2020"]
[Site "Karlsruhe"]
[Date "2020.09.17"]
[Round "2.9"]
[White "Huschenbeth, Niclas"]
[Black "Vachier-Lagrave, Maxime"]
[Result "0-1"]
[WhiteElo "2612"]
[BlackElo "2778"]
[Annotator "TA"]
[PlyCount "102"]
[EventDate "2020.09.16"]
[EventType "team-tourn"]
[EventCountry "GER"]
[SourceTitle "playchess.com"]
[Source "ChessBase"]
[SourceQuality "1"]
[WhiteTeam "Bayern Muenchen"]
[BlackTeam "Baden-Baden"]

{[%evp 9,102,2,10,0,3,0,51,43,53,31,39,39,42,20,23,17,21,16,41,32,30,25,22,25,22,23,41,0,19,8,18,0,12,0,0,0,0,0,9,-21,-41,-90,-82,-139,-66,-70,-71,-61,-86,-66,-64,-125,-118,-174,-143,-220,-220,-280,-212,-208,-205,-208,-194,-197,-194,-195,-171,-377,-179,-215,0,-375,-374,-369,-361,-345,-370,-357,-277,-262,-254,-260,-261,-328,-165,-331,-317,-668,-650,-5457,-5318,-6407,-6383,-29967,-11430]} 1. e4 c5 2. Nf3 d6 3. Bb5+ Nd7 4. d4 cxd4 5. Qxd4 a6 6. Be2 {B51: Sicilian: Moscow Variation (3 Bb5+) without 3...Bd7.} Ngf6 7. O-O e6 {7...g6 is a critical line.} (7... e5 $11 8. Qe3 Be7) 8. c4 $14 {White is slightly better.} b6 9. Nc3 Bb7 {[#]} 10. Rd1 $146 ({Predecessor:} 10. Bg5 Be7 11. Rad1 Qc7 12. Bh4 O-O 13. Bg3 e5 14. Qe3 Nc5 15. Nd2 Ne6 16. Nb3 {½-½ (40) Zvjaginsev,V (2659)-Khismatullin,D (2656) Taganrog 2011}) 10... Be7 11. b3 O-O 12. Ba3 Nc5 {[%cal Rc5e4]} 13. Nd2 Qc7 14. b4 Ncd7 15. Bb2 Rac8 16. Rac1 Rfe8 17. a3 Qb8 18. Nf1 Bd8 19. Ng3 Bc7 20. Re1 Bc6 21. a4 a5 22. bxa5 bxa5 23. Nb5 e5 24. Qe3 Bb6 25. Qg5 h6 26. Qh4 (26. Qd2 $142) 26... Nf8 (26... Nc5 $17 {[%cal Rf6e4]} 27. Bf1 Bd8) 27. Bh5 $1 $15 Ng6 ({Of course not} 27... Nxh5 28. Qxh5 Bc5 29. Bc3 $11) 28. Bxg6 fxg6 29. Ba3 Bxb5 30. cxb5 (30. axb5 $15 Qc7 31. Re2) 30... Rf8 $17 31. Nh1 (31. Qh3 $17) 31... Rxc1 $19 32. Bxc1 (32. Rxc1 $17 {was necessary.} g5 33. Qh3 Nxe4 34. Rc2) 32... Qc8 {Threatens to win with ...Ng4.} 33. Qg3 Nxe4 {[%mdl 64] Double Attack} 34. Qb3+ Kh7 $1 35. Be3 {[#]} Bxe3 $1 $40 {[%mdl 128] Black goes for the king.} 36. Qxe3 Nc5 37. Qd2 Qd8 38. Qc2 $2 (38. h4) 38... Qh4 (38... Rf4 $142 39. Ra1 Qb6) 39. Qd2 Qd8 $2 (39... Qxa4 40. Qxd6 Qb4) 40. Qc2 $1 Rf4 41. Ra1 Qh4 42. g3 Qg5 43. Rd1 Rd4 ({Weaker is} 43... Nxa4 44. Rxd6 Rb4 45. Ra6 $19) 44. Rxd4 exd4 45. f4 Qe7 {...Qe1+ is the strong threat.} 46. Nf2 Qe1+ 47. Kg2 {[#]} d3 $1 {[%mdl 512]} 48. Qc4 $2 (48. Qd1 d2 49. Qf3) (48. Nxd3 Qe4+) 48... d2 49. Qd5 Qe2 ({Not} 49... Ne4 50. Nxe4 d1=R {[#]} 51. Nf6+ $1 {[%mdl 512]} gxf6 52. Qf7+ {[%mdl 64] Double Attack} Kh8 53. Qf8+ {[%mdl 64] Double Attack} Kh7 54. Qf7+ Kh8 55. Qf8+ {[%mdl 64] Double Attack} Kh7 56. Qf7+ $11) 50. f5 {[#]} Nd3 $1 {[%mdl 576] Pin} 51. fxg6+ (51. Qxd3 Qxd3) 51... Kxg6 {Accuracy: White = 64%, Black = 81%.} 0-1

[Event "BL Meisterschaftsturnier 2020"]
[Site "Karlsruhe"]
[Date "2020.09.17"]
[Round "2.10"]
[White "Wojtaszek, Radoslaw"]
[Black "Dragnev, Valentin"]
[Result "1/2-1/2"]
[WhiteElo "2717"]
[BlackElo "2553"]
[Annotator "TA"]
[PlyCount "164"]
[EventDate "2020.09.16"]
[EventType "team-tourn"]
[EventCountry "GER"]
[SourceTitle "playchess.com"]
[Source "ChessBase"]
[SourceQuality "1"]
[WhiteTeam "Baden-Baden"]
[BlackTeam "Bayern Muenchen"]

{[%evp 11,164,-2,-2,-2,0,-5,12,0,0,-8,0,-2,0,0,0,-4,-7,-8,-2,-8,-4,-14,0,-8,-6,-7,0,0,0,0,0,0,0,0,18,0,0,0,0,0,0,0,0,0,0,-14,0,-17,-6,-17,-4,-8,0,-18,0,-18,10,10,16,13,14,9,56,33,36,36,33,32,32,35,78,78,80,80,122,122,130,130,130,130,158,158,158,158,158,158,154,154,158,158,158,94,158,158,158,158,158,158,158,158,158,158,158,158,158,158,158,158,158,158,158,158,1961,0,158,158,158,158,158,0,158,158,158,0,158,158,158,158,158,158,158,158,158,158,158,158,158,158,158,158,158,158,158,158,158,158,158,130,158,158,158,158,158,158,158]} 1. Nf3 Nf6 2. g3 g6 3. b3 d5 4. Bb2 c5 5. Bg2 Bg7 6. O-O O-O 7. e3 {A05: Réti Opening: 1 Nf3 Nf6.} Nc6 8. Ne5 Bd7 9. Nxd7 {The position is equal.} (9. d4 {looks sharper.} cxd4 10. exd4 Rc8 11. Re1 h5 12. Na3) 9... Qxd7 10. d3 {[#]} Rac8 $146 ({Predecessor:} 10... e5 11. Nd2 Rfe8 12. a3 Rad8 13. Qe2 d4 14. e4 Nh5 15. Bf3 Nf6 16. h4 b5 {½-½ (86) Maghsoodloo,P (2671)-Sarana,A (2636) chess.com INT 2019}) 11. Nd2 Rfd8 12. Qe2 b5 13. Rfd1 d4 14. e4 e5 15. Qf1 Qe7 16. Bh3 Rc7 17. Qe2 Ne8 18. a4 a6 19. Nf3 Bh6 20. axb5 axb5 21. Ra6 Nd6 22. Rda1 Nb4 23. R6a5 Bg7 24. c3 Nc6 25. Ra6 dxc3 26. Bxc3 b4 27. Bd2 Nb5 28. Be3 Ncd4 29. Bxd4 Nxd4 30. Qd1 Bh6 31. Kg2 Kg7 32. R1a5 Rd6 33. Ra8 Rf6 34. Bg4 Nxf3 35. Bxf3 Rd6 36. Qc2 Rd4 37. Rb8 Rd8 38. Rxd8 Qxd8 39. Rxc5 Rxc5 40. Qxc5 {[%mdl 64] Double Attack} Qd4 {[#]} 41. Qxd4 $1 exd4 $16 {[%mdl 4096] Endgame KB-KB} 42. Bg4 Bd2 43. f4 f6 44. Be6 g5 45. Kf3 gxf4 46. gxf4 Kf8 47. Kg4 h6 48. Kf5 Ke7 49. Bd5 Bc1 50. h4 Bd2 51. h5 (51. e5 $142) 51... Bc1 (51... Kd6 $142) 52. e5 fxe5 53. fxe5 Bd2 54. Bf3 Bc1 55. Ke4 Bb2 56. Kd5 Bc3 57. Bg4 Bb2 58. Bf5 Bc3 59. Kc5 Kd8 60. Kd6 {[#] White threatens e6 and mate.} Bd2 61. Ke6 Bc1 $2 (61... Be1 $16 62. Bg4 Ke8) 62. Kd6 $2 (62. Kd5 $18 Be3 63. Kc4) 62... Bd2 $1 63. Bg6 Be1 64. Ke6 Bd2 65. Bf5 $2 (65. Be4 $16) 65... Be1 $2 (65... Bc1 $1 $11) 66. Kd5 Bc3 67. Kd6 $2 ({Better is} 67. Kc5 $16) 67... Be1 $2 (67... Bd2 $11) 68. e6 {Intending e7+ and mate.} Bh4 69. Kc5 Be7+ 70. Kxd4 Bd6 71. Kd5 Ke7 72. Bg4 Bb8 73. d4 Bd6 74. Kc4 Kd8 75. Kb5 Ke7 76. Kc6 Bb8 77. Kc5 Bd6+ 78. Kd5 Bb8 79. Ke4 Kf6 80. Bh3 {White is clearly better.} Bc7 81. Kd5 {aiming for Kc6.} Ke7 82. Kc6 Bb8 {Accuracy: White = 92%, Black = 83%.} 1/2-1/2

[Event "BL Meisterschaftsturnier 2020"]
[Site "Karlsruhe"]
[Date "2020.09.17"]
[Round "2.10"]
[White "Kryvoruchko, Yuriy"]
[Black "Baldauf, Marco"]
[Result "1-0"]
[WhiteElo "2682"]
[BlackElo "2503"]
[Annotator "TA"]
[PlyCount "69"]
[EventDate "2020.09.16"]
[EventType "team-tourn"]
[EventCountry "GER"]
[SourceTitle "playchess.com"]
[Source "ChessBase"]
[SourceQuality "1"]
[WhiteTeam "Viernheim"]
[BlackTeam "SF Berlin"]

{[%evp 20,69,60,45,57,38,50,37,37,45,39,10,24,10,11,0,10,0,11,0,0,-7,5,3,3,4,7,6,8,1,14,14,27,11,15,0,12,12,12,22,18,12,53,53,53,42,89,73,119,116,652,433]} 1. Nf3 Nf6 2. c4 c5 3. Nc3 e6 4. d4 cxd4 5. Nxd4 a6 6. e4 Qc7 7. a3 b6 8. Be3 Bb7 9. f3 d6 10. Be2 Be7 11. O-O O-O {B41: Sicilian: Kan Variation: 5 c4.} 12. Qd2 Nbd7 13. b4 Rac8 {White is slightly better.} 14. Rfc1 Rfe8 15. Nb3 Qb8 16. Kh1 d5 17. cxd5 exd5 {[#]} 18. Bf4 $146 ({Predecessor:} 18. Nxd5 Rxc1+ 19. Rxc1 Nxd5 20. exd5 Bd6 21. g3 Nf6 22. Nd4 Bxd5 23. Bg5 Be5 24. Nc6 {½-½ (41) Khodashenas,M (2455)-Gholami,A (2488) Bushehr 2019}) 18... Bd6 19. Bxd6 Qxd6 20. Bf1 Qe5 {[%cal Rd5e4]} 21. Nxd5 Nxd5 22. Rxc8 Rxc8 23. exd5 Nf6 24. d6 Rd8 25. Rd1 Qe6 26. Qd3 h6 27. a4 Ne8 28. Qc3 Rxd6 29. Re1 $36 {[%mdl 2048] White is more active.} Qd7 30. a5 Nf6 31. axb6 Rxb6 32. Nc5 Qc8 33. Qd4 Bd5 34. Ne4 Qb7 $2 {[%mdl 8192] [#]} (34... Re6 $16) 35. Nxf6+ {Accuracy: White = 95%, Black = 72%.} 1-0

[Event "BL Meisterschaftsturnier 2020"]
[Site "Karlsruhe"]
[Date "2020.09.17"]
[Round "2.11"]
[White "Studer, Noel"]
[Black "Rapport, Richard"]
[Result "0-1"]
[WhiteElo "2573"]
[BlackElo "2760"]
[Annotator "TA"]
[PlyCount "70"]
[EventDate "2020.09.16"]
[EventType "team-tourn"]
[EventCountry "GER"]
[SourceTitle "playchess.com"]
[Source "ChessBase"]
[SourceQuality "1"]
[WhiteTeam "Bayern Muenchen"]
[BlackTeam "Baden-Baden"]

{[%evp 9,70,16,28,16,36,21,23,28,37,16,24,20,28,7,7,7,20,15,23,0,26,7,34,34,33,13,21,-48,-59,-64,-43,-87,-99,-93,0,0,47,67,104,-75,0,-331,-240,-224,-229,-224,-235,-201,-199,-448,-83,-371,-359,-373,-358,-661,-648,-1090,-880,-891,-861,-2156,-2137]} 1. d4 d5 2. c4 e6 3. Nf3 c6 4. Nbd2 f5 5. g3 Nd7 6. Bg2 {D30: Queen's Gambit Declined: Systems without Nc3.} Nh6 $5 {[%mdl 4] [#] An interesting side line.} 7. Qc2 $146 ({Predecessor:} 7. O-O Nf7 8. Qc2 Qf6 9. Nb3 g5 10. Bd2 Be7 11. a4 h5 12. a5 a6 13. cxd5 exd5 {½-½ (42) Roubaud,D (2575)-Pirs,M (2550) ICCF email 2012}) 7... Nf7 8. b3 {White has an edge.} g5 9. e3 Bd6 10. Bb2 a5 11. h4 {Black should prevent hxg5.} g4 12. Ng1 $1 O-O 13. Ne2 Nf6 14. Nf4 Qe7 15. O-O Nh8 16. c5 Bc7 17. a3 Ng6 18. b4 (18. Nb1 $11) 18... Nxf4 $15 19. exf4 Nh5 $1 20. Rfe1 {[#]} Nxf4 $1 21. gxf4 Bxf4 ({Black should try} 21... Qxh4 $17 22. Nf1 Bxf4) 22. Nc4 $1 $11 {[%cal Rc4b6]} Qxh4 23. Nb6 e5 24. Nxd5 $2 {[#]} (24. dxe5 $16 {and life is bright. Strongly threatening e6.} Bh2+ 25. Kf1) 24... cxd5 (24... Bh2+ $1 $17 25. Kf1 cxd5 26. Bxd5+ Kg7 27. dxe5 Be6) 25. Rxe5 $2 {[%mdl 8192]} (25. Bxd5+ $11 Kg7 26. dxe5) 25... Bh2+ 26. Kf1 Bxe5 27. Bxd5+ Kg7 28. dxe5 axb4 29. Ke2 $2 (29. c6 {was worth a try.} Qe7 30. axb4 Rxa1+ 31. Bxa1) 29... Rxa3 $2 (29... bxa3 $19 {is more deadly.} 30. Qb3 axb2 31. Rxa8 Qd8 32. Rxc8 Qxc8 33. Qxb2 Qxc5 34. Qxb7+ Kg6) 30. Bxa3 $4 {[%mdl 8192] This move loses the game for White.} (30. e6+ $17 {was the only chance.} Kg6 31. Bxa3 bxa3 32. Rxa3) 30... bxa3 $19 31. Qc3 f4 {White must now prevent ...f3+.} 32. Rxa3 $2 (32. e6+ Qf6 33. Rxa3) 32... f3+ {Black is clearly winning.} 33. Ke3 {If only White now had time for e6+....} Qg5+ 34. Kd3 Rd8 35. Qd4 {[#]} Be6 $1 {[%mdl 576] Pin. Accuracy: White = 49%, Black = 70%.} 0-1